ბათუმის შოთა რუსთაველის სახელმწიფო უნივერსიტეტის ბიბლიოთეკა

ჩვენი სამშოიბლო IV კლასის სახელმძღვანელო გამოც მე–7. იაკობ გოგებაშვილის ,,ბუნების კარის მიხედვით (ბიბ.ჩანაწერი № 36672)

000 -LEADER
fixed length control field 00874nam a2200205Ia 4500
001 - CONTROL NUMBER
control field 2599
003 - CONTROL NUMBER IDENTIFIER
control field GE_BSU
008 - FIXED-LENGTH DATA ELEMENTS--GENERAL INFORMATION
fixed length control field 181216s||||||||xx |||||||||||||| ||und||
020 ## - INTERNATIONAL STANDARD BOOK NUMBER
International Standard Book Number 9992822619
040 ## - CATALOGING SOURCE
Transcribing agency GE_BSU
080 ## - UNIVERSAL DECIMAL CLASSIFICATION NUMBER
Universal Decimal Classification number 502(075.8)
245 ## - TITLE STATEMENT
Title ჩვენი სამშოიბლო IV კლასის სახელმძღვანელო გამოც მე–7. იაკობ გოგებაშვილის ,,ბუნების კარის მიხედვით
245 ## - TITLE STATEMENT
Statement of responsibility, etc. შეადგინა გიორგი კვანტალისნმა
260 ## - PUBLICATION, DISTRIBUTION, ETC.
Place of publication, distribution, etc. თბილისი
260 ## - PUBLICATION, DISTRIBUTION, ETC.
Name of publisher, distributor, etc. მერიდიანი
300 ## - PHYSICAL DESCRIPTION
Extent 167 გვ.
653 ## - INDEX TERM--UNCONTROLLED
Uncontrolled term ჩვენი სამშოიბლო IV კლასის სახელმძღვანელო
942 ## - ADDED ENTRY ELEMENTS (KOHA)
Koha item type წიგნი
ეგზემპლარები
Withdrawn status Lost status Damaged status Not for loan Date acquired Barcode Date last seen Price effective from Koha item type
        2018-12-17 1540 2018-12-17 2018-12-17 წიგნი